عرض عادي
عرض مارك
- الاستثمارات الأجنبية.
مدخل مصطلح موضوعي
001 - رقم الضبط
- حقل الضبط: 756
003 - معرف رقم الضبط
- حقل الضبط: OSt
005 - تاريخ ووقت أخر عملية
- حقل الضبط: 20110706161932.0
008 - عناصر بيانات ثابتة الطول
- حقل تحكم ثابت الطول: 110706|||a|||||| | ||| d
040 ## - مصدر الفهرسة
- هيئة الفهرسة الأصلية: OSt
- وكالة الكتابة: OSt
150 ## - مدخل-- مصطلح تاريخي
- عنصر مدخل المصطلح الموضوعي او الاسم الجغرافي: الاستثمارات الأجنبية.
670 ## - بيانات المصدر موجوده
- الاستشهاد بالمصدر: Work cat.: (OSt): جواد، شوقي ناجي. 755, إدارة الأعمال الدولية :, 2010
